Kam kráča hotelový marketing?
Trendy v hotelovom marketingu. Mobilné zariadenia na vzostupe. Kompatibilita elektronického obsahu. Dôležité sociálne siete. Profil hotela na Google+. Meta-vyhľadávacie nástroje. Internetové distribučné systémy. Remarketing a geotargeting.
Salvato in:
| Autore principale: | |
|---|---|
| Natura: | Capitolo di libro |
| Lingua: | slovacco |
| Soggetti: | |
| Tags: |
Nessun Tag, puoi essere il primo ad aggiungerne!!
|
MARC
| LEADER | 00000naa a2200000 4500 | ||
|---|---|---|---|
| 001 | 0192730 | ||
| 005 | 20231011130034.5 | ||
| 041 | 0 | |a slo | |
| 044 | |a SK | ||
| 245 | 1 | 0 | |a Kam kráča hotelový marketing? |c Lucia Hrubalová |
| 520 | |a Trendy v hotelovom marketingu. Mobilné zariadenia na vzostupe. Kompatibilita elektronického obsahu. Dôležité sociálne siete. Profil hotela na Google+. Meta-vyhľadávacie nástroje. Internetové distribučné systémy. Remarketing a geotargeting. | ||
| 610 | 2 | 0 | |a marketing |
| 610 | 2 | 0 | |a nástroje marketingové |
| 610 | 2 | 0 | |a komunikácia marketingová |
| 610 | 2 | 0 | |a internet |
| 610 | 2 | 0 | |a siete sociálne |
| 610 | 2 | 0 | |a komunikácia elektronická |
| 610 | 2 | 0 | |a hotely |
| 100 | 1 | |a Hrubalová, Lucia | |